00525 2200181 4500001002100000008004100021035002000062245006800082100002700150260003500177300002600212020002200238084001600260082001000276990001900286990001900305990001900324INLIS000000000000499 Ind  a0010-0124000397 aDIET GAMPANG ( TANPA SEGUDANG LARANGAN)cRosmauli Tiurma, A.Md. aRosmauli Tiurma, A.Md. aCV. BriliantbYogyakartac2018 a140 hlmc17 x 24 cm ; a978-602-50462-1-6 a613.2 ROS d a613.2 a045267/CA/2021 a045268/CA/2021 a045269/CA/2021